000 00952cam a22002534a 4500
001 4049552
005 20250124113831.0
008 990521s2000 maua b 000 0 eng
020 _a0072311223 (softcover : acidfree paper)
050 0 0 _aHM1261
_b.L413 2000
082 0 0 _a303.3/4
_221
245 0 0 _aLeaders & the leadership process :
_breadings, self-assessments & applications /
_c[edited by] Jon L. Pierce, John W. Newstrom.
250 _a2nd ed.
260 _aBoston :
_bIrwin/McGraw Hill,
_cc2000.
300 _axxiv, 375 p. :
_bill. ;
_c28 cm.
650 0 _aLeadership.
650 0 _aLeadership
_vCase studies.
650 0 _aLeadership
_vProblems, exercises, etc.
700 1 _aPierce, Jon L.
_q(Jon Lepley)
700 1 _aNewstrom, John W.
856 4 2 _3Publisher description
_uhttp://www.loc.gov/catdir/description/mh023/99034640.html
856 4 1 _3Table of contents
_uhttp://www.loc.gov/catdir/toc/mh023/99034640.html
942 _2lcc
_cBK
_n0
999 _c2988
_d2988